000
00279nam a22001217a 4500
003
OSt
008
250123b |||||||| |||| 00| 0 eng d
041
_a
eng
100
_a
Verma
_9
237
245
_a
Engineering Drawing
260
_a
NewDelhi:
_b
Khanna Publishers,
_c
1985.
942
_c
BK
999
_c
19115
_d
19115